000 00950nam a22002777a 4500
008 240821b mp ||||| |||| 00| 0 mon d
020 _a978-99973-2-464-1
035 _a7580
040 _aDXO45059
_bmon
_cMN-UlNLM
_dMN-UlNLM
_erda
041 _amon
082 _210-t
_a839.7
_bЛ-58
100 _aЛиндгрен А.
245 0 _aДээрэмчний охин Рони
245 0 _bДэлхийн сонгодог зохиол
245 0 _cРед: Ч. Чимэгбаатар
250 _a3
264 _aУлаанбаатар
_bМөнхийн үсэг ХХК
_c2019
300 _a232х.
336 _2rdacontent
_atext
_btxt
337 _2rdamedia
_aunmediated
_bn
338 _2rdacarrier
_avolume
_bnc
505 _tАлиса толины чанадад; Дэлхийн сонгодог зохиол; Кэролл Л.; толины арын өрөө; 0
650 _a10828
942 _210-t
_cBK
999 _c1132846
_d1132903